[Event "WC-2020-S-00003"]
[Site "LSS email"]
[Date "2020.04.01"]
[Round "?"]
[White "Haug, Ulrich"]
[Black "Muniz Pardino, Alberto"]
[Result "1/2-1/2"]
[WhiteElo "2460"]
[BlackElo "2325"]
[PlyCount "81"]
[EventDate "2020.04.01"]
[EventType "tourn (corr)"]
[EventRounds "12"]
[EventCountry "GER"]
[SourceTitle "Corr 2022"]
[Source "ChessBase"]
[SourceDate "2021.10.24"]
[SourceVersion "1"]
[SourceVersionDate "2021.10.24"]
[SourceQuality "1"]

1. e4 c5 2. d4 cxd4 3. c3 dxc3 4. Nxc3 Nc6 5. Nf3 e6 6. Bc4 a6 7. 0-0 b5 8. Bb3 Na5 9. Bc2 Bb7 10. Qe2 Ne7 11. h4 Rc8 12. Rd1 Qc7 13. h5 Nec6 14. a4 b4 15. Nd5 exd5 16. exd5+ Ne7 17. Bf5 Qd6 18. g3 Rxc1 19. Raxc1 g6 20. Bxd7+ Kxd7 21. Ng5 Bxd5 22. Ne4 Qe5 23. Rc5 f5 24. Rdxd5+ Nxd5 25. Rxd5+ Qxd5 26. Nf6+ Kd6 27. Nxd5 Kxd5 28. hxg6 hxg6 29. Qe8 Nc6 30. Qxg6 Be7 31. Qxf5+ Kd6 32. Qd3+ Kc7 33. Qxa6 b3 34. Qc4 Rb8 35. Qf4+ Bd6 36. Qf7+ Kc8 37. Qf5+ Kc7 38. f4 Ba3 39. Qf7+ Kc8 40. Qe8+ Kc7 41. Qf7+ 1/2-1/2

[Event "WC-2020-S-00003"]
[Site "LSS email"]
[Date "2020.04.01"]
[Round "?"]
[White "Lounek, Jan"]
[Black "Muniz Pardino, Alberto"]
[Result "1/2-1/2"]
[WhiteElo "2527"]
[BlackElo "2325"]
[PlyCount "71"]
[EventDate "2020.04.01"]
[EventType "tourn (corr)"]
[EventRounds "12"]
[EventCountry "GER"]
[SourceTitle "Corr 2022"]
[Source "ChessBase"]
[SourceDate "2021.10.24"]
[SourceVersion "1"]
[SourceVersionDate "2021.10.24"]
[SourceQuality "1"]

1. e4 c5 2. Nf3 d6 3. d4 cxd4 4. Nxd4 Nf6 5. Nc3 a6 6. f3 e5 7. Nb3 Be6 8. Be3 h5 9. Nd5 Bxd5 10. exd5 Nbd7 11. Qd2 g6 12. Be2 Bg7 13. 0-0 b6 14. c4 0-0 15. Rae1 Re8 16. Kh1 Rc8 17. Qd1 a5 18. Nd2 Nc5 19. b3 e4 20. f4 Qd7 21. a4 Rcd8 22. h3 Qe7 23. g4 hxg4 24. Bxg4 Nd3 25. Re2 Nxg4 26. hxg4 Bb2 27. Rh2 Kg7 28. Kg2 Rh8 29. Rfh1 Rxh2+ 30. Rxh2 Re8 31. g5 f5 32. gxf6+ Qxf6 33. Qg4 Bc3 34. Qh3 Bxd2 35. Qh7+ Kf8 36. Qh6+ 1/2-1/2

[Event "WC-2020-S-00003"]
[Site "LSS email"]
[Date "2020.04.01"]
[Round "?"]
[White "Muniz Pardino, Alberto"]
[Black "Koch, Christian"]
[Result "1/2-1/2"]
[WhiteElo "2325"]
[BlackElo "2303"]
[PlyCount "54"]
[EventDate "2020.04.01"]
[EventType "tourn (corr)"]
[EventRounds "12"]
[EventCountry "GER"]
[SourceTitle "Corr 2022"]
[Source "ChessBase"]
[SourceDate "2021.10.24"]
[SourceVersion "1"]
[SourceVersionDate "2021.10.24"]
[SourceQuality "1"]

1. d4 d5 2. c4 c6 3. Nf3 Nf6 4. Nc3 e6 5. e3 Nbd7 6. Qc2 Bd6 7. Bd3 0-0 8. 0-0 dxc4 9. Bxc4 b5 10. Bd3 Bb7 11. a3 a6 12. b4 a5 13. Rb1 Qe7 14. e4 e5 15. Ne2 Rfe8 16. h3 axb4 17. axb4 exd4 18. Nexd4 Bxb4 19. e5 Nxe5 20. Nxe5 Qxe5 21. Rxb4 Nd5 22. Rb3 Qxd4 23. Bxh7+ Kh8 24. Rf3 Re7 25. Bb2 Qc4 26. Qb1 Nf4 27. Qf5 Ne2+ 1/2-1/2

[Event "WC-2020-S-00003"]
[Site "LSS email"]
[Date "2020.04.01"]
[Round "?"]
[White "Tsygankov, Evgeny Georgievich"]
[Black "Muniz Pardino, Alberto"]
[Result "1-0"]
[WhiteElo "2491"]
[BlackElo "2325"]
[PlyCount "71"]
[EventDate "2020.04.01"]
[EventType "tourn (corr)"]
[EventRounds "12"]
[EventCountry "GER"]
[SourceTitle "Corr 2022"]
[Source "ChessBase"]
[SourceDate "2021.10.24"]
[SourceVersion "1"]
[SourceVersionDate "2021.10.24"]
[SourceQuality "1"]

1. e4 c5 2. Nf3 d6 3. d4 cxd4 4. Nxd4 Nf6 5. Nc3 a6 6. Be3 e5 7. Nb3 Be6 8. Be2 Nbd7 9. f4 Qc7 10. f5 Bc4 11. a3 b5 12. Bxc4 Qxc4 13. Qf3 Qc6 14. g4 h6 15. h4 a5 16. Kf2 b4 17. axb4 axb4 18. Rxa8+ Qxa8 19. Ra1 Qc8 20. Nb5 Qxc2+ 21. Nd2 Qc6 22. Qe2 Nxg4+ 23. Qxg4 Qxb5 24. Ra8+ Ke7 25. h5 Qc6 26. Ra5 Ke8 27. Qe2 Be7 28. Ra6 Qb7 29. Qd3 d5 30. Ra7 Nc5 31. Rxb7 Nxd3+ 32. Ke2 dxe4 33. Nxe4 Nf4+ 34. Bxf4 exf4 35. Kf3 Kf8 36. Rb8+ 1-0

[Event "ST-2020-0-00131"]
[Site "LSS email"]
[Date "2020.01.17"]
[Round "?"]
[White "Domanov, Dmitry"]
[Black "Muniz Pardino, Alberto"]
[Result "1/2-1/2"]
[WhiteElo "2499"]
[BlackElo "2391"]
[PlyCount "58"]
[EventDate "2020.01.17"]
[EventType "tourn (corr)"]
[EventRounds "6"]
[EventCountry "GER"]
[SourceTitle "Corr 2022"]
[Source "ChessBase"]
[SourceDate "2021.10.24"]
[SourceVersion "1"]
[SourceVersionDate "2021.10.24"]
[SourceQuality "1"]

1. d4 Nf6 2. c4 e6 3. Nf3 d5 4. g3 Bb4+ 5. Nbd2 dxc4 6. Bg2 b5 7. 0-0 0-0 8. a4 c6 9. Ne1 Nd5 10. Nc2 Be7 11. e4 Nc7 12. Qf3 Nd7 13. b3 e5 14. Bb2 exd4 15. Nxd4 Ne5 16. Qe3 Bc5 17. Nxc6 Bxe3 18. Nxd8 Ng4 19. fxe3 Rxd8 20. Bd4 c3 21. Bxc3 Nxe3 22. Rfc1 Nxg2 23. Ba5 b4 24. Nf1 Rd3 25. Rxc7 Ne3 26. Nxe3 Rxe3 27. Rd1 Be6 28. Rxa7 Rc8 29. Rc7 Ra8 1/2-1/2

[Event "ST-2020-0-00130"]
[Site "LSS email"]
[Date "2020.01.17"]
[Round "?"]
[White "Mueller Alves, Martin"]
[Black "Muniz Pardino, Alberto"]
[Result "1/2-1/2"]
[WhiteElo "2463"]
[BlackElo "2391"]
[PlyCount "71"]
[EventDate "2020.01.17"]
[EventType "tourn (corr)"]
[EventRounds "6"]
[EventCountry "GER"]
[SourceTitle "Corr 2022"]
[Source "ChessBase"]
[SourceDate "2021.10.24"]
[SourceVersion "1"]
[SourceVersionDate "2021.10.24"]
[SourceQuality "1"]

1. e4 c5 2. Nf3 d6 3. d4 cxd4 4. Nxd4 Nf6 5. Nc3 a6 6. Be3 e5 7. Nb3 Be6 8. f3 h5 9. Nd5 Bxd5 10. exd5 Nbd7 11. Qd2 g6 12. Be2 Bg7 13. 0-0 b6 14. a4 0-0 15. Rad1 Qc7 16. Kh1 Rfc8 17. c3 b5 18. a5 Re8 19. g4 hxg4 20. fxg4 e4 21. g5 Nh7 22. Nd4 Qxa5 23. Nc6 Qc7 24. Bf4 Nb6 25. h4 Nf8 26. h5 e3 27. Bxe3 Nxd5 28. hxg6 Nxg6 29. Qxd5 Rxe3 30. Bd3 Nh4 31. g6 Rh3+ 32. Kg1 Nxg6 33. Bxg6 Rg3+ 34. Kh2 Rxg6 35. Rde1 Rh6+ 36. Kg2 1/2-1/2

[Event "ST-2020-0-00130"]
[Site "LSS email"]
[Date "2020.01.17"]
[Round "?"]
[White "Muniz Pardino, Alberto"]
[Black "Steinke, Ruediger"]
[Result "1/2-1/2"]
[WhiteElo "2391"]
[BlackElo "2362"]
[PlyCount "41"]
[EventDate "2020.01.17"]
[EventType "tourn (corr)"]
[EventRounds "6"]
[EventCountry "GER"]
[SourceTitle "Corr 2022"]
[Source "ChessBase"]
[SourceDate "2021.10.24"]
[SourceVersion "1"]
[SourceVersionDate "2021.10.24"]
[SourceQuality "1"]

1. e4 c5 2. Nf3 d6 3. d4 cxd4 4. Nxd4 Nf6 5. Nc3 a6 6. h3 e5 7. Nde2 h5 8. g3 Be6 9. Bg2 b5 10. 0-0 Nbd7 11. Be3 Be7 12. Nd5 Nxd5 13. exd5 Bf5 14. f4 Rc8 15. c3 Bh7 16. fxe5 dxe5 17. d6 Bg5 18. Bf2 0-0 19. a4 Bf5 20. axb5 axb5 21. Kh2 1/2-1/2

[Event "ST-2020-0-00130"]
[Site "LSS email"]
[Date "2020.01.17"]
[Round "?"]
[White "Osipov, Anatoly Vladimirovi"]
[Black "Muniz Pardino, Alberto"]
[Result "1/2-1/2"]
[WhiteElo "2492"]
[BlackElo "2391"]
[PlyCount "76"]
[EventDate "2020.01.17"]
[EventType "tourn (corr)"]
[EventRounds "6"]
[EventCountry "GER"]
[SourceTitle "Corr 2022"]
[Source "ChessBase"]
[SourceDate "2021.10.24"]
[SourceVersion "1"]
[SourceVersionDate "2021.10.24"]
[SourceQuality "1"]

1. d4 Nf6 2. c4 e6 3. Nf3 d5 4. Nc3 c6 5. e3 Nbd7 6. Qc2 Bd6 7. Bd3 0-0 8. 0-0 dxc4 9. Bxc4 b5 10. Be2 Bb7 11. Rd1 Qc7 12. h3 b4 13. Na4 c5 14. dxc5 Bxc5 15. b3 Rac8 16. Nxc5 Nxc5 17. Bb2 Nfe4 18. Bc4 a5 19. Ne5 Qe7 20. Bd4 Nd6 21. f3 Rfd8 22. Rac1 Nd7 23. Nxd7 Rxd7 24. Bb6 Rb8 25. Ba7 Rc8 26. Qd2 Bd5 27. Bb6 Nxc4 28. bxc4 Bc6 29. Qe1 Rb7 30. c5 Ra8 31. Qg3 h6 32. e4 Rbb8 33. Rd6 Rc8 34. Kh2 Qf6 35. Rd2 e5 36. Rcd1 Qe7 37. Rb2 f6 38. Rd6 Kh7 1/2-1/2

[Event "SM-2020-0-00415"]
[Site "LSS email"]
[Date "2020.01.11"]
[Round "?"]
[White "Muniz Pardino, Alberto"]
[Black "Willmann, Bernd"]
[Result "1/2-1/2"]
[WhiteElo "2297"]
[BlackElo "2276"]
[PlyCount "54"]
[EventDate "2019.07.27"]
[EventType "tourn (corr)"]
[EventRounds "6"]
[EventCountry "GER"]
[SourceTitle "Corr 2022"]
[Source "ChessBase"]
[SourceDate "2021.10.24"]
[SourceVersion "1"]
[SourceVersionDate "2021.10.24"]
[SourceQuality "1"]

1. e4 c5 2. Nf3 d6 3. d4 cxd4 4. Nxd4 Nf6 5. Nc3 a6 6. h3 e5 7. Nde2 b5 8. g4 b4 9. Nd5 Nxd5 10. exd5 h5 11. gxh5 Rxh5 12. Be3 Nd7 13. Qd2 Qa5 14. Bg2 Rb8 15. Ng3 Rh4 16. b3 Nf6 17. a3 Be7 18. 0-0 Kf8 19. axb4 Qxb4 20. Qxb4 Rbxb4 21. Bd2 Rb5 22. Rfe1 g6 23. Ra2 Rb8 24. Ra5 Ne8 25. Re4 f5 26. Rxh4 Bxh4 27. Ne2 Bd8 1/2-1/2

[Event "RM-2019-0-00191"]
[Site "LSS email"]
[Date "2019.12.26"]
[Round "?"]
[White "Muniz Pardino, Alberto"]
[Black "Marciz, Alexander"]
[Result "0-1"]
[WhiteElo "2282"]
[BlackElo "2411"]
[PlyCount "130"]
[EventDate "2019.05.05"]
[EventType "tourn (corr)"]
[EventRounds "6"]
[EventCountry "GER"]
[SourceTitle "Corr 2022"]
[Source "ChessBase"]
[SourceDate "2021.10.24"]
[SourceVersion "1"]
[SourceVersionDate "2021.10.24"]
[SourceQuality "1"]

1. e4 c5 2. Nf3 Nc6 3. d4 cxd4 4. Nxd4 e6 5. Nc3 Qc7 6. Be3 a6 7. Qd2 Nf6 8. 0-0-0 Be7 9. f3 b5 10. g4 Nxd4 11. Bxd4 Bb7 12. Kb1 0-0 13. g5 Nh5 14. Ne2 Rac8 15. Bh3 f5 16. gxf6 Bxf6 17. Bxf6 Nxf6 18. Nd4 Rce8 19. Rhg1 Rf7 20. Qh6 Kh8 21. Qg5 g6 22. Qh6 Ng8 23. Qh4 Rc8 24. Rd2 Qf4 25. Qe1 Re8 26. Rd3 Nf6 27. Ne2 Qc7 28. Qg3 Rc8 29. Rc1 Nh5 30. Qxc7 Rxc7 31. Bf1 Kg7 32. Rcd1 g5 33. Kc1 h6 34. Nd4 Kf8 35. Re3 Rf4 36. a4 bxa4 37. Ra3 Ng7 38. Ne2 Rh4 39. h3 d5 40. Nc3 dxe4 41. fxe4 Bc6 42. Rd8+ Kf7 43. Rd3 Nh5 44. Re3 a5 45. Nxa4 Bxe4 46. c4 Bf5 47. Nc3 Rc5 48. Nb5 Kg6 49. Kd2 Nf4 50. Nd4 Kf6 51. Rab3 h5 52. Nxf5 Rxf5 53. Kc3 Rc5 54. Rf3 Rf5 55. Re3 g4 56. hxg4 hxg4 57. Rb8 Kg7 58. Rb7+ Rf7 59. Rb5 a4 60. Rg3 Kf6 61. Kb4 Rg7 62. Kxa4 Rh1 63. Bd3 Rh3 64. Rxh3 gxh3 65. Be4 h2 0-1

[Event "RM-2019-0-00191"]
[Site "LSS email"]
[Date "2019.12.11"]
[Round "?"]
[White "Wlodarczyk, Robert"]
[Black "Muniz Pardino, Alberto"]
[Result "1/2-1/2"]
[WhiteElo "2246"]
[BlackElo "2282"]
[PlyCount "45"]
[EventDate "2019.05.05"]
[EventType "tourn (corr)"]
[EventRounds "6"]
[EventCountry "GER"]
[SourceTitle "Corr 2022"]
[Source "ChessBase"]
[SourceDate "2021.10.24"]
[SourceVersion "1"]
[SourceVersionDate "2021.10.24"]
[SourceQuality "1"]

1. e4 c5 2. Nf3 d6 3. Bb5+ Nd7 4. d4 cxd4 5. Qxd4 a6 6. Bxd7+ Bxd7 7. c4 Nf6 8. Bg5 e6 9. Nc3 Be7 10. 0-0 Bc6 11. Qd3 0-0 12. Nd4 Rc8 13. b3 Qa5 14. Bd2 Qh5 15. h3 Bd7 16. Rae1 Rfd8 17. a4 h6 18. Re3 Kh8 19. Nce2 Qc5 20. Rc1 b6 21. Nc3 Be8 22. Ree1 Qc7 23. Be3 1/2-1/2

[Event "CP-2019-Q-00008"]
[Site "LSS email"]
[Date "2019.11.27"]
[Round "?"]
[White "Sukhanov, Sergey"]
[Black "Muniz Pardino, Alberto"]
[Result "1/2-1/2"]
[WhiteElo "2182"]
[BlackElo "2310"]
[PlyCount "70"]
[EventDate "2019.12.01"]
[EventType "tourn (corr)"]
[EventRounds "6"]
[EventCountry "GER"]
[SourceTitle "Corr 2022"]
[Source "ChessBase"]
[SourceDate "2021.10.24"]
[SourceVersion "1"]
[SourceVersionDate "2021.10.24"]
[SourceQuality "1"]

1. d4 Nf6 2. c4 e6 3. Nc3 Bb4 4. f3 c5 5. d5 d6 6. e4 b5 7. dxe6 Bxe6 8. cxb5 d5 9. Bd2 0-0 10. exd5 Nxd5 11. Nxd5 Bxd5 12. Be2 Re8 13. Bxb4 cxb4 14. Qd4 Qg5 15. Nh3 Qxg2 16. 0-0-0 Qxh3 17. Qxd5 Nd7 18. Qxd7 Qxd7 19. Rxd7 Rxe2 20. Rhd1 Rc8+ 21. Kb1 h5 22. Rd8+ Rxd8 23. Rxd8+ Kh7 24. Rd7 Rxh2 25. Rxa7 Re2 26. Rxf7 h4 27. b6 h3 28. Rf4 g5 29. Rd4 h2 30. Rd7+ Kg6 31. Rd1 Rg2 32. b7 Rg1 33. Kc2 Rxd1 34. b8Q h1Q 35. Qe8+ Kf6 1/2-1/2

[Event "SA-2019-0-00706"]
[Site "LSS email"]
[Date "2019.11.14"]
[Round "?"]
[White "Nowak, Ireneusz"]
[Black "Muniz Pardino, Alberto"]
[Result "1/2-1/2"]
[WhiteElo "2224"]
[BlackElo "2297"]
[PlyCount "53"]
[EventDate "2019.10.25"]
[EventType "tourn (corr)"]
[EventRounds "6"]
[EventCountry "GER"]
[SourceTitle "Corr 2022"]
[Source "ChessBase"]
[SourceDate "2021.10.24"]
[SourceVersion "1"]
[SourceVersionDate "2021.10.24"]
[SourceQuality "1"]

1. e4 c5 2. Nf3 d6 3. d4 cxd4 4. Nxd4 Nf6 5. Nc3 a6 6. Be3 e5 7. Nb3 Be6 8. f3 h5 9. Qd2 Nbd7 10. 0-0-0 Be7 11. Kb1 b5 12. Nd5 Bxd5 13. exd5 Nb6 14. Bxb6 Qxb6 15. Na5 Rc8 16. Nc6 Nxd5 17. Nxe7 Nxe7 18. Qxd6 Qxd6 19. Rxd6 Nc6 20. c3 Ke7 21. Rd2 Rhd8 22. Rxd8 Rxd8 23. Be2 f5 24. Re1 Kf6 25. a4 bxa4 26. Bxa6 Na5 27. Bb5 1/2-1/2

[Event "SA-2019-0-00705"]
[Site "LSS email"]
[Date "2019.11.10"]
[Round "?"]
[White "Jarabinsky, Martin"]
[Black "Muniz Pardino, Alberto"]
[Result "0-1"]
[WhiteElo "2306"]
[BlackElo "2285"]
[PlyCount "72"]
[EventDate "2019.10.12"]
[EventType "tourn (corr)"]
[EventRounds "6"]
[EventCountry "GER"]
[SourceTitle "Corr 2022"]
[Source "ChessBase"]
[SourceDate "2021.10.24"]
[SourceVersion "1"]
[SourceVersionDate "2021.10.24"]
[SourceQuality "1"]

1. e4 e5 2. Nf3 Nc6 3. Bc4 Bc5 4. c3 Nf6 5. d3 d6 6. 0-0 a6 7. a4 Ba7 8. Re1 0-0 9. h3 h6 10. Nbd2 Ne7 11. Bb3 Be6 12. Nf1 Ng6 13. d4 exd4 14. cxd4 d5 15. e5 Ne4 16. Ng3 Nxg3 17. fxg3 c5 18. Be3 Rc8 19. Bc2 cxd4 20. Bxd4 Bb6 21. Qd3 Bxd4+ 22. Nxd4 Re8 23. Qd2 Nf8 24. Rad1 Qc7 25. Kh2 Bd7 26. Rc1 Qd8 27. Qf2 Be6 28. Rf1 Qe7 29. Rce1 Rc4 30. b3 Rc7 31. Qd2 Qd8 32. b4 Qg5 33. Rf4 Bd7 34. a5 Qd8 35. Qd3 Be6 36. Bb1 Ng6 0-1

[Event "SA-2019-0-00705"]
[Site "LSS email"]
[Date "2019.11.10"]
[Round "?"]
[White "Orlov, Vladimir"]
[Black "Muniz Pardino, Alberto"]
[Result "1/2-1/2"]
[WhiteElo "2197"]
[BlackElo "2285"]
[PlyCount "53"]
[EventDate "2019.10.12"]
[EventType "tourn (corr)"]
[EventRounds "6"]
[EventCountry "GER"]
[SourceTitle "Corr 2022"]
[Source "ChessBase"]
[SourceDate "2021.10.24"]
[SourceVersion "1"]
[SourceVersionDate "2021.10.24"]
[SourceQuality "1"]

1. e4 e5 2. Nf3 Nf6 3. d4 Nxe4 4. dxe5 d5 5. Nbd2 Nc5 6. Nb3 Ne6 7. Nbd4 Nxd4 8. Nxd4 Be7 9. Bd3 0-0 10. c3 c5 11. Nf3 Nc6 12. 0-0 Bg4 13. Re1 c4 14. Bb1 f6 15. exf6 Bxf6 16. h3 Bxf3 17. Qxf3 g6 18. Qg4 Qc8 19. Bd2 Qxg4 20. hxg4 Rad8 21. a4 Bg7 22. a5 Rde8 23. Rxe8 Rxe8 24. Kf1 Ne5 25. f3 Re6 26. Ra4 Ra6 27. Bc2 1/2-1/2

[Event "SA-2019-0-00701"]
[Site "LSS email"]
[Date "2019.10.13"]
[Round "?"]
[White "Weeks, Mark"]
[Black "Muniz Pardino, Alberto"]
[Result "0-1"]
[WhiteElo "2236"]
[BlackElo "2297"]
[PlyCount "149"]
[EventDate "2019.09.06"]
[EventType "tourn (corr)"]
[EventRounds "6"]
[EventCountry "GER"]
[SourceTitle "Corr 2022"]
[Source "ChessBase"]
[SourceDate "2021.10.24"]
[SourceVersion "1"]
[SourceVersionDate "2021.10.24"]
[SourceQuality "1"]

1. e4 c5 2. Nf3 d6 3. d4 cxd4 4. Nxd4 Nf6 5. Nc3 a6 6. Bc4 e6 7. Bb3 Nbd7 8. Bg5 Nc5 9. 0-0 Be7 10. Re1 0-0 11. f4 Re8 12. e5 dxe5 13. fxe5 Nd5 14. Bxe7 Nxe7 15. Ne4 Nxe4 16. Rxe4 b5 17. Qd2 Bb7 18. Rg4 Ng6 19. Re1 Bd5 20. c3 Bxb3 21. axb3 b4 22. Qe3 Rc8 23. c4 Qb6 24. Nf3 Qxe3+ 25. Rxe3 Red8 26. Kf2 Nf8 27. Ke2 Nd7 28. Rd3 Kf8 29. Rh4 h6 30. Rhd4 Ke7 31. Rg4 Rg8 32. Rd1 Rc5 33. Re4 Ra5 34. Red4 Nxe5 35. Rd6 g5 36. R1d2 h5 37. Nxe5 Rxe5+ 38. Kd1 Ra8 39. Rd7+ Ke8 40. Rb7 a5 41. Rdd7 Rf5 42. Re7+ Kf8 43. Red7 Rc8 44. h3 h4 45. Ke2 Rcc5 46. Rd2 Kg7 47. Rc2 Kf6 48. Ke3 Rfe5+ 49. Kd3 Re1 50. Rb5 Rd1+ 51. Ke2 Rdd5 52. Rxc5 Rxc5 53. Rd2 Ke7 54. Ke3 f5 55. Kd4 Kd6 56. Ke3+ Kc6 57. Kd4 e5+ 58. Kd3 Kc7 59. Rd1 Kd6 60. Kc2+ Ke6 61. Rd8 e4 62. Re8+ Kf6 63. Kd1 Rc6 64. Rd8 Ke5 65. Ke2 Rd6 66. Rc8 Kf4 67. c5 Rd5 68. c6 Rc5 69. c7 Kg3 70. Ke3 Kxg2 71. Rg8 Rxc7 72. Rxg5+ Kxh3 73. Rxf5 Rc2 74. Kxe4 Rxb2 75. Rxa5 0-1